000 01349namaa2200337 i 4500
003 EG-GICUC
005 20260609095448.0
008 260609s2018 ua ||||jr|||| 000 p ara d
017 _a2017 / 2510
_bدار الكتب والوثائق القومية (مصر)
020 _a9789779209517
040 _aEG-GiCUC
_bara
_cEG-GiCUC
_dEG-GiCUC
_erda
043 _af-ua---
082 0 4 _221
_a811.009
_bH9179
092 0 4 _221
_a811.009
_bH9179
099 _a811.009 H9179
100 1 _aحلوة، أحمد
_eمؤلف.
245 1 0 _aقراءة جديدة فى شعر البهاء زهير /
_cتأليف د. أحمد حلوة
264 _aالقاهرة (مصر) :
_bالمجلس الاعلى للثقافة،
_c2018.
300 _a124 صفحة
_b؛
_c24 سم
336 _2rdacontent
_atext
337 _2rdamedia
_aUnmediated
338 _2rdacarrier
_avolume
504 _aيشتمل على ارجاعات ببليوجرافية وهوامش
541 _aوزارة الثقافة ؛
_bالقاهرة ؛
_cإهداء ؛
_d2023.
600 _aمحمد، بهاء الدين زهير
_d1185-1258
650 1 7 _aالشعر العربى
_xتاريخ ونقد
_2qrmak
650 1 7 _aالشعر العربى
_xدواوين وقصائد
_yالعصر العباسى الثانى
_2qrmak
651 1 _2qrmak
905 _aNermeen
942 _2ddc
_cBK
_e21
_n0
999 _c180432
_d180432